[Event "FIDE Chesscom Grand Swiss 2019"]
[Site "Douglas-Isle of Man"]
[Date "2019.10.13"]
[Round "4.40"]
[White "Nebolsina, Vera"]
[Black "Prithu Gupta"]
[Result "0-1"]
[WhiteElo "2252"]
[BlackElo "2493"]
[Annotator "ChessBase"]
[PlyCount "72"]
[EventDate "2019.10.10"]
[EventType "swiss"]
[EventCountry "GBR"]
[SourceTitle "playchess.com"]
[Source "ChessBase"]
[SourceQuality "1"]
[TimeControl "40/6000+30:20/3000+30:900+30"]

1. Nf3 {[%emt 0:00:00]} Nf6 {[%emt 0:00:00]} 2. d4 {[%emt 0:00:00]} e6 {[%emt 0:00:00]} 3. c4 {[%emt 0:00:13]} Bb4+ {[%emt 0:00:00]} 4. Nbd2 {[%emt 0:00:38]} O-O {[%emt 0:00:33]} 5. a3 {[%emt 0:00:17]} Be7 {[%emt 0:00:33]} 6. e4 {[%emt 0:00:24]} d6 {[%emt 0:00:32]} 7. Be2 {[%emt 0:04:39]} Nfd7 {[%emt 0:08:14]} 8. O-O {[%emt 0:08:05]} e5 {[%emt 0:01:09]} 9. d5 {[%emt 0:05:05]} a5 {[%emt 0:00:07]} 10. b3 {[%emt 0:00:07]} f5 {[%emt 0:02:06]} 11. exf5 {[%emt 0:04:23]} Nc5 {[%emt 0:00:05]} 12. Ne1 {[%emt 0:01:12]} Bxf5 {[%emt 0:00:45]} 13. Bg4 {[%emt 0:00:22]} Qc8 {[%emt 0:07:53]} 14. h3 {[%emt 0:05:22]} Bxg4 {[%emt 0:00:25]} 15. Qxg4 {[%emt 0:00:28]} Qxg4 {[%emt 0:00:07]} 16. hxg4 {[%emt 0:00:02]} Bg5 {[%emt 0:03:19]} 17. Rb1 {[%emt 0:01:40]} Nbd7 {[%emt 0:02:59]} 18. Nef3 {[%emt 0:12:54]} Be7 {[%emt 0:08:51]} 19. Ne1 {[%emt 0:21:16]} Nb6 {[%emt 0:15:13]} 20. Bb2 {[%emt 0:03:39]} a4 {[%emt 0:02:31]} 21. b4 {[%emt 0:00:16]} Nb3 {[%emt 0:00:05]} 22. Nef3 {[%emt 0:03:14]} Rf4 {[%emt 0:00:07]} 23. Nxb3 {[%emt 0:10:46]} axb3 {[%emt 0:00:07]} 24. Nd2 {[%emt 0:00:13]} Rxg4 {[%emt 0:08:06]} 25. f3 {[%emt 0:01:50]} Nxc4 {[%emt 0:00:14]} 26. Nxc4 {[%emt 0:00:09]} Rxc4 {[%emt 0:00:05]} 27. Rfc1 {[%emt 0:00:26]} b5 {[%emt 0:01:30]} 28. Rxc4 {[%emt 0:00:17]} bxc4 {[%emt 0:00:05]} 29. Rc1 {[%emt 0:00:05]} Bg5 {[%emt 0:00:15]} 30. Rxc4 {[%emt 0:00:17]} Be3+ {[%emt 0:00:05]} 31. Kf1 {[%emt 0:00:22]} Bd4 {[%emt 0:00:05]} 32. Rxd4 {[%emt 0:00:30]} exd4 {[%emt 0:00:06]} 33. Ke2 {[%emt 0:00:04]} Re8+ {[%emt 0:02:40]} 34. Kd3 {[%emt 0:01:32]} Re3+ {[%emt 0:00:04]} 35. Kxd4 {[%emt 0:00:28]} Re2 {[%emt 0:00:05]} 36. Kc3 {[%emt 0:00:06]} Rxg2 {[%emt 0:00:04]} 0-1

[Event "FIDE Chesscom Grand Swiss 2019"]
[Site "Douglas-Isle of Man"]
[Date "2019.10.13"]
[Round "4.41"]
[White "Jansa, Vlastimil"]
[Black "Batsiashvili, Nino"]
[Result "1/2-1/2"]
[WhiteElo "2452"]
[BlackElo "2422"]
[Annotator "ChessBase"]
[PlyCount "123"]
[EventDate "2019.10.10"]
[EventType "swiss"]
[EventCountry "GBR"]
[SourceTitle "playchess.com"]
[Source "ChessBase"]
[SourceQuality "1"]
[TimeControl "40/6000+30:20/3000+30:900+30"]

1. e4 {[%emt 0:00:00]} e5 {[%emt 0:00:00]} 2. Nf3 {[%emt 0:00:00]} Nc6 {[%emt 0:00:00]} 3. Bb5 {[%emt 0:00:00]} a6 {[%emt 0:00:00]} 4. Ba4 {[%emt 0:00:02]} Nf6 {[%emt 0:00:07]} 5. O-O {[%emt 0:00:15]} Bc5 {[%emt 0:00:09]} 6. c3 {[%emt 0:00:54]} O-O {[%emt 0:00:44]} 7. d4 {[%emt 0:08:56]} Ba7 {[%emt 0:01:01]} 8. Bg5 {[%emt 0:12:00]} h6 {[%emt 0:07:07]} 9. Bh4 {[%emt 0:01:06]} exd4 {[%emt 0:10:20]} 10. e5 {[%emt 0:12:30]} g5 {[%emt 0:00:40]} 11. Bg3 {[%emt 0:02:42]} Ne4 {[%emt 0:07:14]} 12. cxd4 {[%emt 0:01:37]} d5 {[%emt 0:05:27]} 13. exd6 {[%emt 0:06:55]} cxd6 {[%emt 0:06:26]} 14. d5 {[%emt 0:14:48]} Ne7 {[%emt 0:08:40]} 15. Nbd2 {[%emt 0:15:40]} Nxg3 {[%emt 0:10:47]} 16. hxg3 {[%emt 0:00:10]} Bf5 {[%emt 0:00:16]} 17. Bc2 {[%emt 0:03:43]} Rc8 {[%emt 0:17:31]} 18. Be4 {[%emt 0:01:43]} Re8 {[%emt 0:03:50]} 19. Qb3 {[%emt 0:01:32]} Qb6 {[%emt 0:09:29]} 20. Qxb6 {[%emt 0:01:18]} Bxb6 {[%emt 0:00:01]} 21. Rac1 {[%emt 0:00:42]} Bd7 {[%emt 0:00:20]} 22. Nc4 {[%emt 0:01:43]} Bc5 {[%emt 0:00:32]} 23. Rfd1 {[%emt 0:04:47]} f5 {[%emt 0:01:55]} 24. Bb1 {[%emt 0:01:35]} b5 {[%emt 0:00:10]} 25. Na5 {[%emt 0:01:12]} Bb6 {[%emt 0:03:55]} 26. Nb3 {[%emt 0:03:02]} Rxc1 {[%emt 0:02:16]} 27. Nxc1 {[%emt 0:00:17]} Bc8 {[%emt 0:01:44]} 28. Kf1 {[%emt 0:01:42]} Bb7 {[%emt 0:00:43]} 29. a3 {[%emt 0:00:34]} Kf7 {[%emt 0:02:39]} 30. Ne2 {[%emt 0:01:00]} Kf6 {[%emt 0:02:11]} 31. Nc3 {[%emt 0:00:30]} Rc8 {[%emt 0:01:56]} 32. Ba2 {[%emt 0:02:07]} Ba5 {[%emt 0:01:30]} 33. Re1 {[%emt 0:05:09]} Bxc3 {[%emt 0:00:11]} 34. Re6+ {[%emt 0:00:46]} Kf7 {[%emt 0:00:02]} 35. bxc3 {[%emt 0:00:47]} Rxc3 {[%emt 0:04:55]} 36. Rxd6 {[%emt 0:00:07]} Rxa3 {[%emt 0:00:10]} 37. Ne5+ {[%emt 0:00:31]} Ke8 {[%emt 0:00:39]} 38. Re6 {[%emt 0:01:16]} Kd8 {[%emt 0:01:27]} 39. Nf7+ {[%emt 0:01:20]} Kd7 {[%emt 0:00:05]} 40. Ne5+ {[%emt 0:00:42]} Kd8 {[%emt 0:00:06]} 41. Rb6 {[%emt 0:12:31]} Bxd5 {[%emt 0:13:43]} 42. Rd6+ {[%emt 0:08:01]} Kc7 {[%emt 0:01:52]} 43. Rd7+ {[%emt 0:00:08]} Kb6 {[%emt 0:00:06]} 44. Bxd5 {[%emt 0:00:07]} Nxd5 {[%emt 0:00:04]} 45. Rxd5 {[%emt 0:00:08]} a5 {[%emt 0:00:22]} 46. Rd2 {[%emt 0:13:33]} a4 {[%emt 0:03:55]} 47. Ke2 {[%emt 0:00:49]} Ra1 {[%emt 0:03:29]} 48. Kd3 {[%emt 0:02:04]} a3 {[%emt 0:12:17]} 49. Kc3 {[%emt 0:01:40]} Rb1 {[%emt 0:00:12]} 50. Nd3 {[%emt 0:06:13]} Ka5 {[%emt 0:00:23]} 51. Ra2 {[%emt 0:02:59]} b4+ {[%emt 0:02:08]} 52. Kc4 {[%emt 0:01:54]} Ka4 {[%emt 0:00:56]} 53. Nc5+ {[%emt 0:00:28]} Ka5 {[%emt 0:00:04]} 54. Nb3+ {[%emt 0:01:12]} Ka4 {[%emt 0:00:01]} 55. Nc5+ {[%emt 0:00:28]} Ka5 {[%emt 0:00:01]} 56. Rc2 {[%emt 0:01:41]} h5 {[%emt 0:07:04]} 57. Nb3+ {[%emt 0:00:09]} Ka4 {[%emt 0:00:01]} 58. Nc5+ {[%emt 0:00:27]} Ka5 {[%emt 0:00:01]} 59. f3 {[%emt 0:00:38]} Rb2 {[%emt 0:03:49]} 60. Nb3+ {[%emt 0:06:24]} Ka4 {[%emt 0:00:02]} 61. Nc5+ {[%emt 0:17:24]} Ka5 {[%emt 0:15:02]} 62. Nb3+ {[%emt 0:00:00]} 1/2-1/2

[Event "FIDE Chesscom Grand Swiss 2019"]
[Site "Douglas-Isle of Man"]
[Date "2019.10.13"]
[Round "4.42"]
[White "Wu, Li"]
[Black "Arkell, Keith C"]
[Result "0-1"]
[WhiteElo "2332"]
[BlackElo "2447"]
[Annotator "NA"]
[PlyCount "58"]
[EventDate "2019.10.10"]
[EventType "swiss"]
[EventCountry "GBR"]
[SourceTitle "playchess.com"]
[Source "ChessBase"]
[SourceQuality "1"]
[TimeControl "40/6000+30:20/3000+30:900+30"]

1. c4 {[%emt 0:00:00]} c5 {[%emt 0:00:00]} 2. Nf3 {[%emt 0:00:00]} Nc6 {[%emt 0:00:00]} 3. Nc3 {[%emt 0:00:14]} g6 {[%emt 0:00:00]} 4. e3 {[%emt 0:00:52]} Nf6 {[%emt 0:00:20]} 5. d4 {[%emt 0:00:06]} cxd4 {[%emt 0:00:06]} 6. exd4 {[%emt 0:00:04]} d5 {[%emt 0:00:03]} 7. cxd5 {[%emt 0:00:21]} Nxd5 {[%emt 0:00:06]} 8. Qb3 {[%emt 0:00:10]} Nxc3 {[%emt 0:00:31]} 9. Bc4 {[%emt 0:00:06]} Nd5 {[%emt 0:00:35]} 10. Bxd5 {[%emt 0:00:04]} e6 {[%emt 0:00:04]} 11. Bxc6+ {[%emt 0:00:14]} bxc6 {[%emt 0:00:04]} 12. O-O {[%emt 0:01:34]} Qd5 {[%emt 0:00:15]} 13. Bg5 {[%emt 0:05:21]} Qxb3 {[%emt 0:01:40]} 14. axb3 {[%emt 0:00:05]} Be7 {[%emt 0:19:55]} 15. Rfc1 {[%emt 0:20:44]} f6 {[%emt 0:01:02]} 16. Bf4 {[%emt 0:06:18]} g5 {[%emt 0:07:03]} 17. Bg3 {[%emt 0:00:48]} Bb7 {[%emt 0:01:52]} 18. h4 {[%emt 0:01:45]} h6 {[%emt 0:00:18]} 19. Ne1 {[%emt 0:21:49]} Kf7 {[%emt 0:01:21]} 20. f4 {[%emt 0:19:21]} Rhg8 {[%emt 0:09:34]} 21. Kf2 {[%emt 0:04:58]} a6 {[%emt 0:06:12]} 22. Nf3 {[%emt 0:04:07]} gxh4 {[%emt 0:05:35]} 23. Bxh4 {[%emt 0:00:21]} Rac8 {[%emt 0:02:14]} 24. f5 {[%emt 0:06:14]} exf5 {[%emt 0:03:00]} 25. Ra5 {[%emt 0:00:56]} c5 {[%emt 0:03:14]} 26. dxc5 {[%emt 0:00:17]} Rg4 {[%emt 0:00:10]} 27. c6 {[%emt 0:01:36]} Rxc6 {[%emt 0:01:12]} 28. Rxc6 {[%emt 0:01:21]} Bxc6 {[%emt 0:00:05]} 29. Bg3 {[%emt 0:00:25]} Bb5 {[%emt 0:06:01]} 0-1

[Event "FIDE Chesscom Grand Swiss 2019"]
[Site "Douglas-Isle of Man"]
[Date "2019.10.13"]
[Round "4.43"]
[White "Allen, Keith"]
[Black "Bulmaga, Irina"]
[Result "0-1"]
[WhiteElo "2161"]
[BlackElo "2442"]
[Annotator "NA"]
[PlyCount "82"]
[EventDate "2019.10.10"]
[EventType "swiss"]
[EventCountry "GBR"]
[SourceTitle "playchess.com"]
[Source "ChessBase"]
[SourceQuality "1"]
[TimeControl "40/6000+30:20/3000+30:900+30"]

1. d4 {[%emt 0:00:00]} Nf6 {[%emt 0:00:00]} 2. c4 {[%emt 0:00:00]} e6 {[%emt 0:00:00]} 3. Nc3 {[%emt 0:00:00]} Bb4 {[%emt 0:00:00]} 4. Qc2 {[%emt 0:00:05]} Nc6 {[%emt 0:00:10]} 5. Nf3 {[%emt 0:00:27]} O-O {[%emt 0:00:12]} 6. Bd2 {[%emt 0:01:05]} d6 {[%emt 0:00:09]} 7. a3 {[%emt 0:03:49]} Bxc3 {[%emt 0:00:09]} 8. Bxc3 {[%emt 0:00:04]} Re8 {[%emt 0:00:08]} 9. O-O-O {[%emt 0:04:46]} Qe7 {[%emt 0:04:55]} 10. e3 {[%emt 0:03:12]} e5 {[%emt 0:05:53]} 11. dxe5 {[%emt 0:01:33]} dxe5 {[%emt 0:03:16]} 12. h3 {[%emt 0:00:39]} a5 {[%emt 0:05:28]} 13. Kb1 {[%emt 0:05:40]} Nd7 {[%emt 0:05:05]} 14. Be2 {[%emt 0:06:21]} Nc5 {[%emt 0:01:49]} 15. g4 {[%emt 0:10:09]} b6 {[%emt 0:06:05]} 16. h4 {[%emt 0:07:37]} Bb7 {[%emt 0:06:45]} 17. Ng5 {[%emt 0:18:24]} e4 {[%emt 0:04:19]} 18. f4 {[%emt 0:04:50]} f6 {[%emt 0:09:53]} 19. Nh3 {[%emt 0:01:13]} Nd3 {[%emt 0:03:50]} 20. Rh2 {[%emt 0:10:04]} Ncb4 {[%emt 0:07:13]} 21. axb4 {[%emt 0:01:46]} axb4 {[%emt 0:00:09]} 22. Be1 {[%emt 0:08:57]} Ra7 {[%emt 0:07:52]} 23. Qb3 {[%emt 0:01:27]} Rea8 {[%emt 0:03:14]} 24. c5+ {[%emt 0:04:37]} Kh8 {[%emt 0:00:51]} 25. Bxb4 {[%emt 0:00:32]} Bd5 {[%emt 0:09:55]} 26. Qc3 {[%emt 0:00:06]} Ra1+ {[%emt 0:07:17]} 27. Kc2 {[%emt 0:00:09]} Rxd1 {[%emt 0:00:38]} 28. Bxd1 {[%emt 0:06:06]} Ra4 {[%emt 0:01:04]} 29. Kb1 {[%emt 0:02:58]} Rxb4 {[%emt 0:02:04]} 30. b3 {[%emt 0:03:22]} bxc5 {[%emt 0:01:07]} 31. Nf2 {[%emt 0:01:06]} c4 {[%emt 0:07:07]} 32. Nxd3 {[%emt 0:00:16]} exd3 {[%emt 0:01:24]} 33. Rb2 {[%emt 0:00:26]} h5 {[%emt 0:05:05]} 34. bxc4 {[%emt 0:00:41]} Rxc4 {[%emt 0:00:26]} 35. Qd2 {[%emt 0:02:54]} hxg4 {[%emt 0:01:54]} 36. Bxg4 {[%emt 0:00:25]} Be4 {[%emt 0:00:22]} 37. Rb8+ {[%emt 0:00:40]} Kh7 {[%emt 0:00:01]} 38. Bd1 {[%emt 0:00:17]} Qa3 {[%emt 0:02:01]} 39. Bb3 {[%emt 0:01:35]} Rc1+ {[%emt 0:00:34]} 40. Qxc1 {[%emt 0:00:05]} d2+ {[%emt 0:00:03]} 41. Qc2 {[%emt 0:50:28]} d1=Q# {[%emt 0:50:10]} 0-1